00688cam a2200181Ia 4500020001500000040000800015082002600023245008800049260006200137300003400199650000900233650000900242710004200251710003900293942001000332999001700342952014700359 a9711040743 cUIU a611 THE 1983 C155 Or.10aProceedings of the Conference on Weed Control in Rice, 31 August-4 September 1981 / aLos Ba©łos, Laguna, Philippines :bThe Institute,c1983 a422 p. :bill., maps ;c23 cm 0aRice 0aRice2 aInternational Rice Research Institute2 aInternational Weed Science Society cAEDBB c18874d18874 0010406611_000000000000000_THE_1983_C155_OR70983509aLBCbLBCcC155d2020-02-04eA36217o611 THE 1983 C155 Or.r2020-02-04w2020-02-04yEK